Responses for Show #6709 - Thursday, November 14, 2013

2013 Teachers Tournament quarterfinal game 4.

Contestants

[<< previous game]

John Pearson, a 4th grade math teacher from Richardson, Texas

Maryanne Lewell, a high school history teacher from Saint John, New Brunswick, Canada

Becky Giardina, a 7th grade social studies teacher from Martinez, Georgia

[next game >>]

Jeopardy! Round responses

ANNUAL EVENTS
COLOR TV
CANADIAN GEOGRAPHY
U.S. HISTORY: THE FIRST 100 YEARS
FROM THE BRITISH MONARCHY'S WEBSITE
SPANISH CLASS
    $200 11
(John: [With an [*] accent] Who is [*]?)
(Alex: [With an [*] accent] Yeah, you're right.)
[Laughter]

Elvis

John
    $200 2
Orange is the New Black

John
    $200 18
Ontario

John
    $200 1
Aaron Burr

John
    $200 22
the Thames

John
    $200 15
(Alex: You notice, folks, John missed one. Bad sign. We'll return in a moment.)
(Becky Giardina's students at Burke County Middle School: Good luck on Jeopardy!, Ms. G!)
[Cheers and applause]

earthquake

John
    $400 12
the Boston Marathon

John
    $400 3
Murphy Brown

John
    $400 27
the Yukon

Maryanne
    $400 7
Boss Tweed

John
    $400 23
"God Save The Queen"

Becky
    $400 17
open

Maryanne
    $2,000 13
Halloween

John
    $600 4
Green Acres

John
    $600 28
Vancouver

Maryanne
    $600 8
(Maryanne: What is Massachusetts?)
(Becky: What is Pennsylvania?)

Virginia

BeckyMaryanne
Triple Stumper
    $600 24
Andrew

Maryanne
    $600 19
loco

Becky
    $800 14
(John: What are turkeys?)

ducks

BeckyJohn
    $800 5
White Collar

John
    $800 29
Superior

Maryanne
    $800 9
Louisiana Territory (or Purchase)

John
    $800 25
the Channel Islands

Maryanne
    $800 20
corrida

Triple Stumper
    $1000 16
Biloxi

John
    $1000 6
[Applause for John's run of the category]
(Alex: Hey, well done. But you've been watching far too much television over the years, John.)
(John: Guilty as charged.)
(Alex: All right, it's paying off, though. Keep it going.)

Blue Bloods

John
    $1000 30
(Maryanne Lewell's class at Saint John High School: Bonne chance, Madame Lewell !)
[Cheers and applause]

Calgary

Maryanne
    $1000 10
Maine

John
    $1000 26
the Tudors

Maryanne
    $1000 21
menudo

John

Scores at the first commercial break (after clue 15):

Becky Maryanne John
$200 -$600 $7,400

Scores at the end of the Jeopardy! Round:

Becky Maryanne John
$1,200 $5,000 $9,800

Double Jeopardy! Round responses

AN APP FOR TEACHER
PLANT SCIENCE
I RESIGN!
SHAKESPEAREAN DIALOGUE, HO!
(Alex: Name the play.)
POP GOES THE MUSIC
IT ENDS WITH "U"
    $400 26
Carrot

John
    $400 7
birds

John
    $400 3
(John: Who is Gorbachev?)

(Boris) Yeltsin

MaryanneJohn
    $400 21
Othello

John
    $400 1
Wings

Becky
    $400 15
a haiku

John
    $800 27
Attendance

John
    $800 8
(John: What is bamboo?)

sugar cane

John
Triple Stumper
    $800 4
Barnes & Noble

Maryanne
    $800 22
Hamlet

John
    $800 2
Fleetwood Mac

Maryanne
    $800 17
a luau

Becky
    $1200 28
do it yourself

Maryanne
    $1200 9
a frond

John
    $1200 5
John C. Calhoun

Triple Stumper
    $1200 23
The Tempest

John
    $1200 6
No Doubt

John
    $4,400 18
impromptu

Becky
    $1600 29
Scholastic

Maryanne
    $1600 10
witch hazel

Maryanne
    $2,000 11
(Maryanne: Uh, what is Chick-fil-A?)

Tyson (Foods)

Maryanne
    $1600 24
Romeo and Juliet

John
    $1600 13
The Lumineers

Triple Stumper
    $1600 19
Frau

John
    $2000 30
ethical science

Triple Stumper
    $2000 16
the bald cypress

John
    $2000 12
John Profumo

Triple Stumper
    $2000 25
A Midsummer Night's Dream

Becky
    $2000 14
"Free Bird"

Becky
    $2000 20
tableau

John

Scores at the end of the Double Jeopardy! Round:

Becky Maryanne John
$10,800 $9,400 $22,600
(lock game)

Final Jeopardy! Round responses

SYMBOLS
MaryanneWhat is the fleur de lis?
$9,400
BeckyWhat is the fleur de lis?
$8,001
JohnWhat is a Fleur de leis?
$0
the fleur-de-lis

Final scores:

Becky Maryanne John
$18,801 $18,800 $22,600
2nd place: $5,000 if eliminated 3rd place: $5,000 if eliminated Automatic semifinalist

Game dynamics:

Coryat scores:

Becky Maryanne John
$7,600 $11,400 $21,200
8 R
(including 1 DD),
1 W
14 R,
2 W
(including 1 DD)
30 R
(including 1 DD),
3 W

Combined Coryat: $40,200

[game clues] [game scores] [suggest correction]

Game tape date: 2013-10-22
The J! Archive is created by fans, for fans. Scraping, republication, monetization, and malicious use prohibited; this site may use cookies and collect identifying information. See terms. The Jeopardy! game show and all elements thereof, including but not limited to copyright and trademark thereto, are the property of Jeopardy Productions, Inc. and are protected under law. This website is not affiliated with, sponsored by, or operated by Jeopardy Productions, Inc. Join the discussion at JBoard.tv.